| 000 | 00602nam a2200181Ia 4500 | ||
|---|---|---|---|
| 008 | 090630s9999 xx 000 0 und d | ||
| 082 | _b22368 | ||
| 100 | _aवाडकर अलका. | ||
| 245 |
_aटिव्ही आणि मुले. _cवाडकर अलका. |
||
| 260 |
_bउन्मेष - पुणे. _c2002 |
||
| 300 | _a91 | ||
| 600 | _aवाडकर अलका. | ||
| 630 | _aटिव्ही आणि मुले. | ||
| 655 | _aइतर. | ||
| 700 | _aवाडकर अलका. | ||
| 730 | _aटिव्ही आणि मुले. | ||
| 942 | _cBOOK | ||
| 999 |
_c274224 _d274224 |
||